000 01079nam a2200277Ia 4500
003 OSt
005 20221005111058.0
006 a|||||r|||| 00| 0
007 ta
008 221004b |||||||| |||| 00| 0 hin d
020 _a9788171798063 (hbk)
_c200
024 _a21366
037 _bBR8404, 21/03/2015, Rajkamal Prakashan Pvt. Ltd.
_cTextual
040 _aCRL
_cCRL
_bhin
041 _2hin
_ahin
082 _aO152,6N46x, Q1
100 _aपाण्डे, मृणाल
245 0 _aस्त्री
_b देह की राजनीति से देश की राजनीति तक
246 _aStrī: deh kī rājanīti se desh kī rājanīti taka
250 _a3 संस्करण
260 _aनई दिल्ली
_bराधाकृष्ण भारत
_c2011
300 _a142पृ0
_ccm.
650 _aहिन्दी साहित्य
942 _hO152,6N46x, Q1
_cTEXL
_2cc
999 _c1020747
_d1020747